Online Catalogue and eLibrary

Gender and development : (Record no. 48)

MARC details
000 -LEADER
fixed length control field 00873cam a2200241 a 4500
001 - CONTROL NUMBER
control field 1542234
005 - DATE AND TIME OF LATEST TRANSACTION
control field 20231121232439.0
008 - FIXED-LENGTH DATA ELEMENTS--GENERAL INFORMATION
fixed length control field 910408s1992 enk b 001 0 eng
020 ## - INTERNATIONAL STANDARD BOOK NUMBER
ISBN 0415071313
020 ## - INTERNATIONAL STANDARD BOOK NUMBER
ISBN 0415071321 (pbk.)
040 ## - CATALOGING SOURCE (பட்டியலாக்க மூலம்)
Original cataloging agency DLC
Transcribing agency DLC
Modifying agency DLC
082 00 - DDC Classification
Class No. 305.42/09172/4
DDC Edition Number 20
245 00 - TITLE STATEMENT
Title Gender and development :
Remainder of title a practical guide /
Statement of responsibility, etc. edited by Lise Østergaard ; based on a study prepared for the Directorate-General for Development Commission of the European Communities.
260 ## - PUBLICATION, DISTRIBUTION, ETC.
Place of publication, distribution, etc. London ;
-- New York :
Name of publisher, distributor, etc. Routledge,
Date of publication, distribution, etc. 1992.
300 ## - PHYSICAL DESCRIPTION
Extent (e.g. Volumes, Pages etc.) xiv, 220 p. ;
500 ## - GENERAL NOTE
General note Simultaneously published in the USA and Canada.
650 #0 - SUBJECT ADDED ENTRY--TOPICAL TERM
Topical term or geographic name entry element Women in development
650 #0 - SUBJECT ADDED ENTRY--TOPICAL TERM
Topical term or geographic name entry element Sex role
650 #0 - SUBJECT ADDED ENTRY--TOPICAL TERM
Topical term or geographic name entry element Economic development projects
700 1# - ADDED ENTRY--PERSONAL NAME
Personal name Østergaard, Lise.
Relator term (Role) Editor
856 42 - ELECTRONIC LOCATION AND ACCESS
Uniform Resource Identifier <a href="http://www.loc.gov/catdir/enhancements/fy0648/91016824-d.html">http://www.loc.gov/catdir/enhancements/fy0648/91016824-d.html</a>
942 ## - Koha item type (Biblio)
Koha item type Books in Stacks (Lending)
Holdings
Lost status Damaged status Collection code Home library Current library Date acquired Full call number Accession Number Item type
    Lending WERC Library WERC Library 11/22/2023 305.42/09172/4 3402 Books in Stacks (Lending)

© WERC Library